|
|
|
|
| LEADER |
01211nam a2200313 a 4500 |
| 001 |
11467834 |
| 008 |
120408s2000 dcuzr 0 a0eng d |
| 010 |
|
|
|a 96644717
|z sn 96034448
|
| 020 |
|
|
|a 087553242x
|
| 020 |
|
|
|a 0875531822
|
| 040 |
|
|
|a TU-M
|c TU-M
|d NSDP
|d InU
|d DLC
|d NSDP
|d DLC
|d NSDP
|d MdU
|d NLGGC
|d OCoLC
|d BD-DhAAL
|
| 042 |
|
|
|a pcc
|a nsdp
|
| 050 |
0 |
0 |
|a RA643
|b .C72
|
| 082 |
0 |
0 |
|a 616.9
|2 21
|
| 999 |
|
|
|c 12071
|d 12071
|
| 999 |
|
|
|c 12071
|
| 245 |
0 |
0 |
|a Control of communicable diseases manual :
|b an official report of the American Public Health Association /
|c James Chin, editor.; American Public Health Association.
|
| 250 |
|
|
|a 17th ed.
|
| 260 |
|
|
|a Washington, DC :
|b American Public Health Association,
|c c2000.
|
| 300 |
|
|
|a xxxi, 624 p. ;
|c 18 cm.
|
| 500 |
|
|
|a Includes index.
|
| 541 |
|
|
|e 00024926
|
| 650 |
|
0 |
|a Communicable Diseases.
|9 10
|
| 650 |
|
0 |
|a Communicable Disease Control.
|9 9
|
| 700 |
|
|
|a Chin, James
|9 1782
|
| 710 |
2 |
|
|a American Public Health Association.
|9 1783
|
| 852 |
1 |
|
|a Ayesha Abed Library
|c General shelf.
|
| 942 |
|
|
|2 ddc
|c BK
|
| 952 |
|
|
|0 0
|1 0
|2 ddc
|4 0
|6 616_900000000000000_CON
|7 0
|9 19917
|a JPGSPH
|b JPGSPH
|c GEN
|d 2012-04-08
|l 0
|o 616.9 CON
|p 3060024926
|r 2012-04-08
|t 1
|w 2012-04-08
|y BK
|